| 000 | | | 04058nmc2a22002533x 450 |
| 001 | | | e7972ab6-10bb-4e51-85b4-a7d00b42570f |
| 005 | | | 20210806041511.0 |
| 100 | ## | $a | 20210316l19001901k l0rusy0189 ca |
| 101 | 0# | $a | rus |
| 102 | ## | $a | RU |
| 105 | ## | $a | y### |
| 122 | 2# | $a | d |
| 200 | 1# | $a | Дело по переписке с разными местами и лицами, не требующей дальнейшего производства |
| | $j | 24 июля 1900 г. - 1 июня 1901 г. |
| | $h | Часть 2 |
| 215 | ## | $a | 197 л. |
| | $d | 36,5х26 см |
| 251 | ## | $c | Дело |
| 300 | ## | $a | Часть секретаря |
| 300 | ## | $a | Заметки министра земледелия и государственных имуществ по поездке в 1900 году по Воронежской, Тамбовской, Харьковской, Черноморской и Кутаисской губерниям и Донской области (л. 150), список чинов отдела земельных улучшений (л. 141) |
| 371 | ## | $a | Документ не является опубликованным и широко распространяемым |
| 461 | #0 | $1 | 001a7887cdd-df6b-4ad0-b092-e57381a4f175 |
| | $1 | 2001 |
| | $a | Дело о высочайших наградах по отделу земельных улучшений [(переписка и списки лиц, представленных к наградам)] |
| | $1 | 251 |
| | $c | Дело |
| | $1 | 852 |
| | $j | 151 |
| 462 | #0 | $1 | 001830e5ace-1ed3-42b5-9566-e16698c44b71 |
| | $1 | 2001 |
| | $a | Отдел земельных улучшений Министерства земледелия |
| | $1 | 251 |
| | $c | Опись |
| | $1 | 852 |
| | $j | 4 |
| 801 | #0 | $a | RU |
| | $b | РГИА |
| | $c | 20210316 |
| | $g | RCR |
| 801 | #1 | $a | RU |
| | $b | ГлавНИВЦ |
| | $c | 20210316 |
| | $2 | rusmarc |
| 801 | #2 | $a | RU |
| | $b | ПБ им. Б.Н. Ельцина |
| | $c | 20210806 |
| | $g | RCR |
| | $2 | rusmarc |
| 850 | ## | $a | РГИА |
| 852 | ## | $a | РГИА |
| | $e | Федеральное казенное учреждение "Российский государственный исторический архив" (РГИА) |
| | $j | 55 |
| 937 | ## | $h | РГИА |
| | $d | 12362034 |
| | $a | ASBIBLIO_SCAN |
| 035 | ## | $a | RusGRCC00024158 |
| 856 | ## | $u | http://readingroom.main.prlib.ru/item.aspx?id_node=n167072680&mode=full |